| 000 | 00503cam a2200169 4500 | ||
|---|---|---|---|
| 001 | D3542 | ||
| 008 | 090401t1982 xxu||||| |||| 00| 0 eng d | ||
| 035 | _a(Sirsi) u73688 | ||
| 041 | _aeng | ||
| 050 | _a333.33 | ||
| 245 | _aEstates Times review April 1982. Special feature: Investment, development and finance. London focus: East London (Part 1) | ||
| 260 |
_aLondon _bMorgan-Grampian (Construction Press) Ltd _c1982 |
||
| 300 | _a62p. ill. 28cm | ||
| 350 | _a2 | ||
| 942 | _n0 | ||
| 948 | _c04/03/1997 | ||
| 999 |
_c95680 _d95680 |
||